Libro integrado: primer grado
Tallennettuna:
| Päätekijät: | , , , |
|---|---|
| Aineistotyyppi: | Kirja |
| Kieli: | espanja |
| Julkaistu: |
Ciudad de México
Comisión Nacional de los Libros de Texto Gratuitos
1995
|
| Aiheet: | |
| Tagit: |
Lisää tagi
Ei tageja, Lisää ensimmäinen tagi!
|
MARC
| LEADER | 00000nam a2200000 a 4500 | ||
|---|---|---|---|
| 001 | UCO8920 | ||
| 003 | CL-VaPUC | ||
| 008 | 010112e19950000MX |||||||||||||||||spa|d | ||
| 082 | 0 | 4 | |a 371.32 |b CHA |2 21 |
| 100 | 0 | |a Chapela Mendoza, Luz María |e author |9 453841 | |
| 700 | 0 | |a Peláez Goycoechea, Ricardo |e author |9 453842 | |
| 700 | 0 | |a Taffoya García, Adalberto |e author |9 453843 | |
| 700 | 0 | |a Papacostas, Alcibiades |e author |9 453844 | |
| 245 | 1 | 0 | |a Libro integrado: primer grado |
| 300 | |a 175 p | ||
| 942 | |c BK | ||
| 945 | |d 20010112 00:00:00 |a cmena | ||
| 260 | |a Ciudad de México |b Comisión Nacional de los Libros de Texto Gratuitos |c 1995 | ||
| 650 | 0 | |a Libros de texto |9 270019 | |
| 650 | 0 | |a Métodos de enseñanza |9 270413 | |
| 650 | 0 | |a Educación básica |9 224933 | |
| 651 | 0 | |a México |9 255269 | |
| 583 | |a last modification |c 20010112 00:00:00 |k Rodrigo Vera | ||
| 999 | |c 293337 |d 293335 | ||
| 952 | |0 0 |1 0 |4 0 |6 371_320000000000000_CHA_1995 |7 0 |8 A |9 344809 |a BIBEDU |b BIBEDU |d 2019-11-20 |i 3683346 |o 371.32 CHA 1995 |p 3683346 |r 2019-11-20 |w 2019-11-20 |y BK |k EDU | ||